[Event "CHN League Men 2019"]
[Site "Daqing CHN"]
[Date "2019.06.19"]
[Round "1.9"]
[Board "2"]
[White "Chen, Junyu"]
[Black "Li, Yankai"]
[Result "0-1"]
[WhiteElo "1232"]
[BlackElo "2432"]
[WhiteTeam "Harbin"]
[BlackTeam "Tianjin"]
[WhiteFideId "8631042"]
[BlackFideId "8609357"]
[EventDate "2019.06.19"]
[EventType "team"]

1. e4 e5 2. Nf3 Nc6 3. Bb5 a6 4. Ba4 Nf6 5. O-O Be7 6. d4 exd4 7. Re1 b5 8. Bb3
d6 9. a3 Bg4 10. h3 Bxf3 11. gxf3 O-O 12. Nd2 d5 13. Kh1 Qd7 14. Kg2 Ne5 15. Nf1
Ng6 16. Nh2 Nh4+ 17. Kf1 Qxh3+ 18. Ke2 dxe4 19. f4 Qxh2 20. Rh1 d3+ 21. cxd3
exd3+ 22. Ke3 Bc5+ 23. Kxd3 Qxf2 24. Qc2 Rad8+ 25. Kc3 Qd4# 0-1

[Event "CHN League Men 2019"]
[Site "Daqing CHN"]
[Date "2019.06.20"]
[Round "2.1"]
[Board "2"]
[White "Zhao, Jun"]
[Black "Xiang, Zeyu"]
[Result "1-0"]
[WhiteTitle "GM"]
[BlackTitle "IM"]
[WhiteElo "2625"]
[BlackElo "2432"]
[WhiteTeam "Shandong"]
[BlackTeam "Hangzhou"]
[WhiteFideId "8602522"]
[BlackFideId "8608547"]
[EventDate "2019.06.19"]
[EventType "team"]

1. c4 e6 2. Nc3 d5 3. d4 Be7 4. cxd5 exd5 5. Bf4 c6 6. e3 Bf5 7. g4 Be6 8. h3
Nd7 9. Nf3 g5 10. Bh2 h5 11. gxh5 Rxh5 12. Rg1 Rh8 13. Qb3 b5 14. O-O-O a5 15.
Qc2 a4 16. Kb1 Kf8 17. Be5 Rh6 18. h4 g4 19. Bd3 Rh5 20. Ng5 Bxg5 21. hxg5 Nxe5
22. dxe5 Rxg5 23. Ne2 Rc8 24. Nd4 Qe7 25. f4 gxf3 26. Nxf3 Rg4 27. Nd4 Nh6 28.
Rgf1 Kg7 29. Rf6 Rh8 30. Rdf1 c5 31. Nxb5 Rg5 32. Qf2 Ng4 33. Qf4 Rhh5 34. Nc7
Qxc7 35. Rxe6 Nxe5 36. Qf6+ Kf8 37. Rd6 c4 38. Rd8+ Qxd8 39. Qxd8+ Kg7 40. Qf6+
Kg8 41. Be2 1-0

[Event "CHN League Men 2019"]
[Site "Daqing CHN"]
[Date "2019.06.20"]
[Round "2.2"]
[Board "2"]
[White "Xu, Yi"]
[Black "Li, Chao b"]
[Result "1/2-1/2"]
[WhiteTitle "IM"]
[BlackTitle "GM"]
[WhiteElo "2526"]
[BlackElo "2698"]
[WhiteTeam "Shanghai"]
[BlackTeam "Beijing"]
[WhiteFideId "8605564"]
[BlackFideId "8604436"]
[EventDate "2019.06.19"]
[EventType "team"]

1. e4 c5 2. Nf3 Nc6 3. Bb5 Nf6 4. Nc3 d6 5. e5 Nd7 6. exd6 e5 7. O-O Bxd6 8.
Bxc6 bxc6 9. d3 O-O 10. Nd2 Nb6 11. b3 f5 12. Bb2 Rb8 13. a4 a5 14. Re1 Qc7 15.
h3 Ba6 16. Rb1 Rbd8 17. Nc4 Nxc4 18. bxc4 e4 19. Qe2 Qf7 20. dxe4 Bxc4 21. Qf3
Qg6 22. e5 Bc7 23. Bc1 Qe6 24. Bf4 Ba6 25. Ne2 Rfe8 26. Ng3 Rd4 27. Be3 Rc4 28.
Nxf5 Qxe5 29. Ng3 Qd5 30. Qe2 Bc8 31. Rbd1 Qf7 32. Qd3 Be6 33. Ne4 Bd5 34. Ng5
Qh5 35. Qf5 Be6 36. Qd3 Bd5 37. Qf5 Be6 38. Qd3 1/2-1/2

[Event "CHN League Men 2019"]
[Site "Daqing CHN"]
[Date "2019.06.20"]
[Round "2.2"]
[Board "3"]
[White "Xiu, Deshun"]
[Black "Lou, Yiping"]
[Result "0-1"]
[WhiteTitle "GM"]
[BlackTitle "IM"]
[WhiteElo "2538"]
[BlackElo "2482"]
[WhiteTeam "Beijing"]
[BlackTeam "Shanghai"]
[WhiteFideId "8603693"]
[BlackFideId "8603928"]
[EventDate "2019.06.19"]
[EventType "team"]

1. d4 Nf6 2. c4 e6 3. Nc3 Bb4 4. Nf3 O-O 5. Bg5 c5 6. Rc1 h6 7. Bh4 cxd4 8. Nxd4
b6 9. Nb5 Nc6 10. e3 a6 11. Nd6 Qe7 12. Bg3 Ne8 13. Nxe8 Rxe8 14. a3 Bxc3+ 15.
Rxc3 e5 16. Be2 d6 17. Bf3 Bb7 18. O-O Rac8 19. Bd5 Nd8 20. Qb3 Qc7 21. Rd1 Ne6
22. Qc2 Bc6 23. f4 exf4 24. exf4 Nc5 25. f5 Ne4 26. Bxe4 Bxe4 27. Qf2 Qc5 28.
Rxd6 Bxf5 29. Qxc5 bxc5 30. Kf2 a5 31. a4 Be4 32. Bf4 Kh7 33. h4 f6 34. g3 g5
35. Rd7+ Kg6 36. Be3 Re5 37. hxg5 hxg5 38. g4 Rh8 39. Kg3 Rh4 40. Rd6 Bb7 41.
Rb3 Bc8 42. Kf2 Rxg4 43. Rb8 Be6 44. Bd2 Rxc4 45. Bc3 Rf4+ 46. Kg1 Ree4 47. Rbb6
Kf5 48. Rbc6 c4 49. Rc5+ Kg4 50. Rcc6 Bf5 51. Bd2 Rf3 52. Rxf6 Rg3+ 53. Kf2 Rf3+
54. Kg1 Re2 55. Bxa5 Rg3+ 56. Kf1 Bd3 57. Bb6 Rxb2+ 58. Ke1 Rgg2 59. Bf2 Re2+ 0-1

[Event "CHN League Men 2019"]
[Site "Daqing CHN"]
[Date "2019.06.20"]
[Round "2.3"]
[Board "3"]
[White "Lan, Zilun"]
[Black "Yu, Ruiyuan"]
[Result "0-1"]
[BlackTitle "GM"]
[WhiteElo "2352"]
[BlackElo "2471"]
[WhiteTeam "Zhejiang"]
[BlackTeam "Jiangsu"]
[WhiteFideId "8604193"]
[BlackFideId "8603090"]
[EventDate "2019.06.19"]
[EventType "team"]

1. d4 Nf6 2. c4 e6 3. Nf3 b6 4. g3 Bb7 5. Bg2 Be7 6. Nc3 O-O 7. Qc2 c5 8. O-O
cxd4 9. Nxd4 Bxg2 10. Kxg2 Qc8 11. b3 Nc6 12. Rd1 Qb7 13. f3 Rac8 14. Bb2 Nxd4
15. Rxd4 b5 16. cxb5 d5 17. Qd3 e5 18. Ra4 d4 19. Nd1 Nd5 20. Rc1 Rcd8 21. Ba3
Bxa3 22. Rxa3 f5 23. Kg1 Kh8 24. b4 Nxb4 25. Qb3 Nd5 26. Qa4 Rd7 27. Qa6 Qb8 28.
Qe6 Rdd8 29. Qa6 e4 30. Qxa7 Qxb5 31. Kf2 d3 32. exd3 e3+ 33. Ke2 f4 34. Qc5 Qd7
35. Nc3 Qh3 0-1

[Event "CHN League Men 2019"]
[Site "Daqing CHN"]
[Date "2019.06.20"]
[Round "2.4"]
[Board "1"]
[White "Xu, Xiangyu"]
[Black "Xu, Yinglun"]
[Result "1/2-1/2"]
[WhiteTitle "GM"]
[BlackTitle "GM"]
[WhiteElo "2583"]
[BlackElo "2548"]
[WhiteTeam "Chengdu"]
[BlackTeam "Guangdong"]
[WhiteFideId "8608288"]
[BlackFideId "8604940"]
[EventDate "2019.06.19"]
[EventType "team"]

1. Nf3 Nf6 2. g3 d5 3. c4 e6 4. Bg2 Be7 5. d4 O-O 6. Nc3 dxc4 7. Ne5 c5 8. dxc5
Qxd1+ 9. Nxd1 Bxc5 10. Nxc4 Nc6 11. Be3 Bb4+ 12. Bd2 Bxd2+ 13. Nxd2 Bd7 14. Nc3
Rac8 15. O-O Ne7 16. Rfd1 Rfd8 17. Bxb7 Rb8 18. Ba6 Rxb2 19. Nc4 Rc2 20. Rac1
Rxc1 21. Rxc1 Kf8 22. f3 Nc6 23. Kf2 Ke7 24. h4 Rb8 25. Bb5 Nd4 26. Bxd7 Nxd7
27. Rd1 Nc6 28. Ne4 Nce5 29. Nxe5 Nxe5 30. Rc1 f5 31. Ng5 h6 32. Nh3 Kd7 33.
Rd1+ Ke7 34. Rc1 Kd7 35. Rd1+ Ke7 36. Rc1 1/2-1/2

[Event "CHN League Men 2019"]
[Site "Daqing CHN"]
[Date "2019.06.20"]
[Round "2.4"]
[Board "2"]
[White "Li, Shilong"]
[Black "Li, Di"]
[Result "0-1"]
[WhiteTitle "GM"]
[BlackTitle "IM"]
[WhiteElo "2482"]
[BlackElo "2535"]
[WhiteTeam "Guangdong"]
[BlackTeam "Chengdu"]
[WhiteFideId "8600678"]
[BlackFideId "8607508"]
[EventDate "2019.06.19"]
[EventType "team"]

1. d4 d5 2. c4 c6 3. Nf3 Nf6 4. Nc3 g6 5. cxd5 cxd5 6. Bf4 Nc6 7. h3 Ne4 8. e3
Nxc3 9. bxc3 Bg7 10. Bd3 O-O 11. O-O b6 12. Rb1 Bb7 13. Qe2 Rc8 14. Rfc1 Na5 15.
Ne5 e6 16. Bg3 Qe7 17. h4 Nc6 18. Nxc6 Rxc6 19. Bb5 Rcc8 20. a4 h5 21. f3 e5 22.
dxe5 Bxe5 23. Bxe5 Qxe5 24. Qd2 Rc5 25. Qd4 Qc7 26. Rb3 Bc6 27. Bd3 Qg3 28. Rb4
Re8 29. Bf1 Bd7 30. Ra1 Qe5 31. e4 Bc6 32. exd5 Rxd5 33. Qxe5 Rexe5 34. Bb5 Rc5
35. Bxc6 Rxc6 36. Rb5 Re2 37. Ra3 Rd6 38. a5 Rdd2 39. Rg5 b5 40. f4 a6 41. f5
Kg7 42. fxg6 f6 43. Rg3 Re1+ 44. Kh2 Re4 45. Rb3 Rxh4+ 46. Kg1 Ra2 47. Rb4 Ra4
48. Rd3 Rg4 49. Rd6 Rxa5 50. Rb2 Rf4 51. Re2 Kxg6 52. Kh2 Ra3 53. Re8 a5 54. Rd5
Rh4+ 55. Kg1 Ra1+ 56. Kf2 Ra2+ 57. Kf3 Rc4 58. Re3 Rb2 59. Rd8 Rc2 60. Rg8+ Kf7
61. Rb8 Rc5 62. Kf4 Rxg2 63. Ree8 Rg4+ 64. Kf3 Rxc3+ 65. Kf2 Rb4 0-1

[Event "CHN League Men 2019"]
[Site "Daqing CHN"]
[Date "2019.06.20"]
[Round "2.4"]
[Board "3"]
[White "Liu, Guanchu"]
[Black "Zhao, Chenxi"]
[Result "1-0"]
[WhiteTitle "IM"]
[WhiteElo "2462"]
[BlackElo "2383"]
[WhiteTeam "Chengdu"]
[BlackTeam "Guangdong"]
[WhiteFideId "8603901"]
[BlackFideId "8611513"]
[EventDate "2019.06.19"]
[EventType "team"]

1. e4 b6 2. d4 Bb7 3. Nc3 e6 4. Bd3 Nf6 5. Nge2 d5 6. e5 Nfd7 7. Nf4 g6 8. Qg4
Qe7 9. Nb5 Na6 10. c3 Bg7 11. b3 h5 12. Qg3 Nf8 13. h4 Qd7 14. O-O Nb8 15. a4 a6
16. Na3 Nc6 17. Nc2 Ne7 18. a5 Bh6 19. Re1 Nc6 20. axb6 cxb6 21. Ba3 Na5 22.
Rab1 Rc8 23. Bb4 Nc6 24. Bd6 Na5 25. Re3 Nh7 26. Rf3 Bf8 27. Nxg6 Rg8 28. Nxf8 1-0

[Event "CHN League Men 2019"]
[Site "Daqing CHN"]
[Date "2019.06.20"]
[Round "2.4"]
[Board "4"]
[White "Lin, Peisen"]
[Black "Zhao, Yuanhe"]
[Result "0-1"]
[WhiteElo "1988"]
[BlackElo "2444"]
[WhiteTeam "Guangdong"]
[BlackTeam "Chengdu"]
[WhiteFideId "8611505"]
[BlackFideId "8609497"]
[EventDate "2019.06.19"]
[EventType "team"]

1. e4 d5 2. exd5 Nf6 3. d4 Nxd5 4. Nf3 g6 5. Be2 Bg7 6. O-O O-O 7. h3 Bf5 8. a3
Nb6 9. c4 c5 10. d5 e6 11. Nc3 exd5 12. Nxd5 Nxd5 13. cxd5 Qd6 14. Qb3 b6 15.
Rd1 Be4 16. Ng5 Bf5 17. g4 Bd7 18. Bf3 Na6 19. Bg2 Rae8 20. Ne4 Qe5 21. f4 Qb8
22. g5 b5 23. Bd2 c4 24. Qg3 Bxb2 25. Rab1 Bg7 26. Bc3 Bxc3 27. Nxc3 Qd6 28.
Nxb5 Bxb5 29. Rxb5 Re2 30. Qf3 Rfe8 31. Rf1 Ra2 32. Qc3 Rc8 33. Rf3 Qd7 34. Ra5
Qb7 35. Bf1 Qb6+ 36. Kh1 Nc5 37. Qxc4 Qb2 38. Qe2 Qxe2 39. Bxe2 Nb7 40. Rxa7
Rxe2 41. Rf1 Nd6 0-1

[Event "CHN League Men 2019"]
[Site "Daqing CHN"]
[Date "2019.06.20"]
[Round "2.5"]
[Board "2"]
[White "Li, Yankai"]
[Black "Bao, Qilin"]
[Result "1/2-1/2"]
[BlackTitle "IM"]
[WhiteElo "2432"]
[BlackElo "2412"]
[WhiteTeam "Tianjin"]
[BlackTeam "Heilongjiang"]
[WhiteFideId "8609357"]
[BlackFideId "8605750"]
[EventDate "2019.06.19"]
[EventType "team"]

1. e4 e5 2. Nf3 Nf6 3. Nxe5 d6 4. Nf3 Nxe4 5. d4 d5 6. Bd3 Bf5 7. O-O Be7 8. c4
dxc4 9. Bxc4 O-O 10. Re1 Nd6 11. Bf1 Nc6 12. Nc3 Nb4 13. Bf4 Nc2 14. Rxe7 Qxe7
15. Rc1 Nb4 16. a3 Nc6 17. d5 Nb8 18. Nd4 Bg6 19. Ncb5 Na6 20. Rxc7 Nxc7 21.
Bxd6 Qd7 22. Bxc7 Qxd5 23. Nc3 Qc5 24. Bf4 Rad8 25. Be3 Rfe8 26. Qg4 Qh5 27. Qf4
Qe5 28. Qxe5 Rxe5 29. Nf3 Ree8 30. Bxa7 Bd3 31. Bxd3 Rxd3 32. h4 b6 33. Bxb6 Rb8
34. Na4 Ra8 35. Nc3 Rb8 36. Na4 Ra8 37. Nc3 Rb8 38. Na4 1/2-1/2

[Event "CHN League Men 2019"]
[Site "Daqing CHN"]
[Date "2019.06.20"]
[Round "2.5"]
[Board "3"]
[White "Wu, Xibin"]
[Black "Chu, Wei Chao"]
[Result "0-1"]
[WhiteTitle "IM"]
[BlackTitle "IM"]
[WhiteElo "2203"]
[BlackElo "2374"]
[WhiteTeam "Heilongjiang"]
[BlackTeam "Tianjin"]
[WhiteFideId "8600309"]
[BlackFideId "8605661"]
[EventDate "2019.06.19"]
[EventType "team"]

1. d4 Nf6 2. c4 g6 3. g3 Bg7 4. Bg2 d5 5. cxd5 Nxd5 6. e4 Nb6 7. Ne2 c5 8. d5 e6
9. O-O exd5 10. exd5 O-O 11. Nec3 Bf5 12. a4 Na6 13. Na3 Nb4 14. Be3 Nd7 15. Qb3
Qb6 16. Ne4 Na6 17. Nb5 Nc7 18. Ra3 Nxb5 19. axb5 Rfe8 20. Nd2 Ne5 21. Rc1 Nd3
22. Rc2 Ne1 23. Rxc5 Nxg2 24. Kxg2 Qd8 25. b6 Bf8 26. bxa7 Bxc5 27. Bxc5 Qc8 28.
g4 Qxc5 29. gxf5 Re2 30. Ne4 Rxe4 31. Qxb7 Ree8 32. b4 Qe7 33. Qc6 Qe4+ 34. Kg3
Qxb4 35. Re3 Rxe3+ 36. fxe3 Rxa7 0-1

[Event "CHN League Men 2019"]
[Site "Daqing CHN"]
[Date "2019.06.20"]
[Round "2.5"]
[Board "4"]
[White "Zhao, Zhouqiao CHN"]
[Black "Hou, Yifan b"]
[Result "1/2-1/2"]
[WhiteTitle "FM"]
[WhiteElo "2215"]
[BlackElo "1932"]
[WhiteTeam "Tianjin"]
[BlackTeam "Heilongjiang"]
[WhiteFideId "8608342"]
[BlackFideId "8619492"]
[EventDate "2019.06.19"]
[EventType "team"]

1. d4 Nf6 2. c4 e6 3. Nc3 Bb4 4. e3 O-O 5. Ne2 c5 6. a3 Bxc3+ 7. Nxc3 d6 8. Be2
Nc6 9. O-O b6 10. d5 exd5 11. cxd5 Ne7 12. e4 Ng6 13. Re1 Re8 14. Bf1 a6 15. a4
Ra7 16. Rb1 h6 17. Bd2 Ng4 18. h3 N4e5 19. b4 Qf6 20. bxc5 bxc5 21. Rb8 Nd7 22.
Rb3 Nde5 23. Rb8 Nd7 24. Rb3 Nde5 25. Re3 Nf4 26. Rb8 Nd7 27. Rb3 Ne5 1/2-1/2

[Event "CHN League Men 2019"]
[Site "Daqing CHN"]
[Date "2019.06.20"]
[Round "2.6"]
[Board "1"]
[White "Gong, Sunle"]
[Black "Zhang, Ziji"]
[Result "0-1"]
[WhiteElo "1697"]
[BlackElo "2408"]
[WhiteTeam "Qingdao"]
[BlackTeam "Hebei"]
[WhiteFideId "8620229"]
[BlackFideId "8609470"]
[EventDate "2019.06.19"]
[EventType "team"]

1. d4 d6 2. c4 e5 3. d5 g6 4. Nc3 Bg7 5. e4 Ne7 6. Be3 O-O 7. f3 Nd7 8. Qd2 f5
9. O-O-O Nf6 10. Nge2 Kh8 11. Kb1 Neg8 12. Nc1 fxe4 13. Nxe4 Nxe4 14. fxe4 Qh4
15. Bd3 Bh6 16. Bxh6 Qxh6 17. Qxh6 Nxh6 18. Rdf1 Bd7 19. h3 Kg7 20. Kc2 Ng8 21.
Kd2 Nf6 22. Ke3 Nh5 23. Ne2 g5 24. Rxf8 Rxf8 25. b4 Nf4 26. Rg1 Nxd3 27. Kxd3 h5
28. Ke3 Kg6 29. Rc1 h4 30. c5 Rf7 31. cxd6 cxd6 32. Rc7 Bb5 33. Rxf7 Kxf7 34.
Nc3 Bc4 35. a4 Kf6 36. Nb5 Bxb5 37. axb5 g4 38. b6 axb6 39. b5 Kg5 40. Kd3 gxh3
41. gxh3 Kf4 0-1

[Event "CHN League Men 2019"]
[Site "Daqing CHN"]
[Date "2019.06.20"]
[Round "2.6"]
[Board "2"]
[White "Peng, Hongchi"]
[Black "Shi, Jiashuo"]
[Result "1-0"]
[WhiteElo "2370"]
[BlackElo "1564"]
[WhiteTeam "Hebei"]
[BlackTeam "Qingdao"]
[WhiteFideId "8609047"]
[BlackFideId "8625409"]
[EventDate "2019.06.19"]
[EventType "team"]

1. e4 e5 2. Nf3 Nc6 3. Bb5 a6 4. Ba4 Nf6 5. O-O b5 6. Bb3 Be7 7. a4 Bb7 8. d3 d6
9. c3 b4 10. Nbd2 bxc3 11. bxc3 Na5 12. Bc2 O-O 13. Qe2 Re8 14. Rd1 Bf8 15. Nb3
Nxb3 16. Bxb3 g6 17. a5 Bg7 18. Be3 Bc6 19. Qa2 Qd7 20. Rab1 Ng4 21. Bd2 Nf6 22.
h3 d5 23. Bg5 dxe4 24. dxe4 Qe7 25. Bxf6 Qxf6 26. Qe2 Qe7 27. Bc4 Rad8 28. Rxd8
Rxd8 29. Qe3 Bf6 30. Ra1 Ra8 31. Qe2 Qc5 32. Nd2 Bb5 33. Bxb5 axb5 34. Nb3 Qc6
35. Qd3 Ra6 1-0

[Event "CHN League Men 2019"]
[Site "Daqing CHN"]
[Date "2019.06.20"]
[Round "2.6"]
[Board "3"]
[White "Qu, Hongxuan"]
[Black "Yang, Yanqing"]
[Result "0-1"]
[WhiteElo "1523"]
[BlackElo "1910"]
[WhiteTeam "Qingdao"]
[BlackTeam "Hebei"]
[WhiteFideId "8620377"]
[BlackFideId "8613575"]
[EventDate "2019.06.19"]
[EventType "team"]

1. d4 d5 2. c4 e6 3. Nc3 Nf6 4. Nf3 c6 5. e3 Nbd7 6. Qc2 Bd6 7. Bd3 O-O 8. O-O
dxc4 9. Bxc4 e5 10. h3 Qe7 11. a3 a6 12. Be2 Re8 13. Re1 e4 14. Nd2 Nb6 15. b3
Bf5 16. Nf1 Bg6 17. Bb2 Rad8 18. b4 Nfd5 19. Rad1 Kh8 20. g3 Bf5 21. Kg2 Qg5 22.
Nh2 Nxe3+ 23. fxe3 Qxg3+ 24. Kf1 Bxh3# 0-1

[Event "CHN League Men 2019"]
[Site "Daqing CHN"]
[Date "2019.06.20"]
[Round "2.6"]
[Board "4"]
[White "Mi, Tenglong"]
[Black "Liu, Yinuo"]
[Result "1-0"]
[WhiteElo "1692"]
[BlackElo "1448"]
[WhiteTeam "Hebei"]
[BlackTeam "Qingdao"]
[WhiteFideId "8623627"]
[BlackFideId "8620296"]
[EventDate "2019.06.19"]
[EventType "team"]

1. e4 g6 2. d4 Bg7 3. Bc4 d6 4. Nc3 Nf6 5. h3 b6 6. Qe2 Bb7 7. Bf4 c5 8. dxc5
bxc5 9. Nf3 Nc6 10. O-O O-O 11. Rad1 Qb6 12. Bg5 h6 13. Bxf6 Bxf6 14. Nd5 Qd8
15. Nxf6+ exf6 16. Qd2 Ne5 17. Nxe5 dxe5 18. Qxh6 Qb6 19. Qxg6+ Kh8 20. Qh6+ Kg8
21. Rd3 Bxe4 22. Rg3+ Bg6 23. Rxg6# 1-0

[Event "CHN League Men 2019"]
[Site "Daqing CHN"]
[Date "2019.06.20"]
[Round "2.7"]
[Board "1"]
[White "Liu, Yan"]
[Black "Fang, Yuxiang"]
[Result "1/2-1/2"]
[WhiteTitle "GM"]
[BlackTitle "GM"]
[WhiteElo "2504"]
[BlackElo "2463"]
[WhiteTeam "Chongqing"]
[BlackTeam "Shanxi"]
[WhiteFideId "8608962"]
[BlackFideId "8605840"]
[EventDate "2019.06.19"]
[EventType "team"]

1. d4 d5 2. c4 c6 3. Nf3 Nf6 4. e3 g6 5. Nc3 Bg7 6. Be2 O-O 7. O-O a6 8. b4 Ne4
9. Bb2 Nxc3 10. Bxc3 Nd7 11. c5 Re8 12. Qb3 e5 13. dxe5 Nxe5 14. Qb2 Nxf3+ 15.
Bxf3 Bxc3 16. Qxc3 Qg5 17. Rfd1 Bg4 18. Bxg4 Qxg4 19. Rd4 Qf5 20. Rad1 Re4 21.
Rxe4 Qxe4 22. f3 Qf5 23. a3 Re8 24. h4 h5 25. Rd4 Qe5 26. Kf2 Kg7 27. Qd2 Qf6
28. Kg1 Qe5 29. Kf2 Qf6 30. Kg1 Qe5 31. Kf2 1/2-1/2

[Event "CHN League Men 2019"]
[Site "Daqing CHN"]
[Date "2019.06.20"]
[Round "2.7"]
[Board "2"]
[White "Zhou, Yibo"]
[Black "Wang, Chen"]
[Result "0-1"]
[BlackTitle "IM"]
[WhiteElo "1934"]
[BlackElo "2468"]
[WhiteTeam "Shanxi"]
[BlackTeam "Chongqing"]
[WhiteFideId "8610967"]
[BlackFideId "8601020"]
[EventDate "2019.06.19"]
[EventType "team"]

1. d4 Nf6 2. Nf3 b5 3. Bf4 Bb7 4. e3 a6 5. Bd3 e6 6. Nbd2 c5 7. c3 Nc6 8. a4 b4
9. e4 bxc3 10. bxc3 cxd4 11. cxd4 Nb4 12. Bb1 d5 13. e5 Ne4 14. O-O Nc3 15. Qe1
a5 16. Nb3 Nxb1 17. Qxb1 Ba6 18. Rd1 Rb8 19. Bg5 Qb6 20. Rc1 h6 21. Bd2 Be2 22.
Nc5 Qa7 23. Rc3 Bc4 24. Nb3 Be7 25. Be3 Nc6 26. Nfd2 Bb4 27. Rxc4 dxc4 28. Nxc4
Qd7 29. Qe4 Qd5 30. Qd3 O-O 31. Rc1 Ne7 32. Ncd2 Rfc8 33. h3 Rxc1+ 34. Nxc1 Bxd2
35. Bxd2 Nc6 36. Bc3 Rd8 0-1

[Event "CHN League Men 2019"]
[Site "Daqing CHN"]
[Date "2019.06.20"]
[Round "2.8"]
[Board "1"]
[White "Song, Yuchen"]
[Black "Liu, Zexu"]
[Result "0-1"]
[WhiteElo "1512"]
[BlackElo "2121"]
[WhiteTeam "Harbin"]
[BlackTeam "Wuxi"]
[WhiteFideId "8630364"]
[BlackFideId "8605963"]
[EventDate "2019.06.19"]
[EventType "team"]

1. e4 e5 2. Nf3 Nc6 3. Bb5 a6 4. Ba4 Nf6 5. d4 exd4 6. O-O Be7 7. e5 Ne4 8. Re1
Nc5 9. Bxc6 dxc6 10. Nxd4 Ne6 11. Nxe6 Qxd1 12. Rxd1 Bxe6 13. Be3 O-O 14. Nd2
Bf5 15. c3 Rad8 16. Nf3 h6 17. Nd4 Bc8 18. Rd2 c5 19. Nf3 Be6 20. a3 Bb3 21. Re1
b6 22. Rxd8 Rxd8 23. Nd2 Be6 24. f4 c4 25. Kf2 c5 26. Nf3 b5 27. Re2 a5 28. Rd2
Rb8 29. Re2 b4 30. Bc1 Bf5 31. Ne1 a4 32. Rd2 bxc3 33. bxc3 Bd8 34. Rb2 Rb3 35.
Rxb3 cxb3 36. Bb2 Kf8 37. Ke3 Ke7 38. c4 Ke6 39. h3 g5 40. g4 gxf4+ 41. Kf3 Bh7
42. Ng2 Kd7 43. Nxf4 Bh4 44. Nd5 Kc6 45. Ne3 Bd3 46. Nf5 Bg5 47. Nd6 f6 48. Ne4
Bxe4+ 49. Kxe4 fxe5 50. Kxe5 Be3 51. Ke4 Bf2 52. Kd3 Bh4 53. Ke4 Kd6 54. Kd3 Ke6
55. Bg7 Bg5 56. Bf8 Be3 57. Bg7 Kf7 58. Bb2 Bg5 59. Be5 Bc1 60. h4 Bxa3 61. Bf4
Bb4 62. Be5 a3 63. h5 a2 64. Bb2 Ba3 65. Bxa3 a1=Q 66. Bxc5 b2 67. Bd4 b1=Q+ 0-1

[Event "CHN League Men 2019"]
[Site "Daqing CHN"]
[Date "2019.06.20"]
[Round "2.8"]
[Board "2"]
[White "Chen, KaiLin"]
[Black "Chen, Junyu"]
[Result "1-0"]
[WhiteElo "2073"]
[BlackElo "1232"]
[WhiteTeam "Wuxi"]
[BlackTeam "Harbin"]
[WhiteFideId "8620954"]
[BlackFideId "8631042"]
[EventDate "2019.06.19"]
[EventType "team"]

1. e4 c5 2. Nf3 Nc6 3. d4 cxd4 4. Nxd4 Nf6 5. Nc3 e5 6. Ndb5 d6 7. Bg5 a6 8. Na3
b5 9. Bxf6 gxf6 10. Nd5 Bg7 11. g3 O-O 12. Bg2 Ra7 13. Qh5 Qa5+ 14. c3 b4 15.
Nc4 Qc5 16. Nce3 bxc3 17. bxc3 Kh8 18. O-O Ne7 19. Nxe7 Rxe7 20. Bh3 Be6 21. Bf5
h6 22. Ng4 Bxf5 23. Qxf5 Re6 24. Qf3 Rc8 25. Rac1 Qc4 26. Rc2 Qc6 27. Rd1 a5 28.
Ne3 Bf8 29. Nf5 Kh7 30. Rd5 a4 31. c4 a3 32. Qxa3 Qb6 33. Qb3 Qc6 34. Ne3 Be7
35. Qb5 Qc7 36. Rb2 Qd8 37. a4 Qg8 38. Qb7 Rc5 39. a5 Rxa5 40. Rxa5 Qg6 41. Ra8
h5 42. Qc8 Qg7 43. Nf5 Qf8 44. Qxf8 Bxf8 45. Rxf8 h4 46. Rbb8 Kg6 47. Rg8+ Kh7
48. Rg7# 1-0

[Event "CHN League Men 2019"]
[Site "Daqing CHN"]
[Date "2019.06.20"]
[Round "2.9"]
[Board "1"]
[White "Xie, Jianjun"]
[Black "Wu, Wenda"]
[Result "1-0"]
[WhiteTitle "FM"]
[WhiteElo "2427"]
[BlackElo "1735"]
[WhiteTeam "Hunan"]
[BlackTeam "Ningbo"]
[WhiteFideId "8600953"]
[BlackFideId "8618615"]
[EventDate "2019.06.19"]
[EventType "team"]

1. e4 c6 2. Nf3 d5 3. Nc3 dxe4 4. Nxe4 Nf6 5. Nxf6+ exf6 6. d4 Bd6 7. Be2 O-O 8.
O-O Qc7 9. b3 Re8 10. c4 Bf5 11. c5 Bf4 12. Re1 Nd7 13. Bxf4 Qxf4 14. Qd2 Qc7
15. Qc3 Bg4 16. h3 Bxf3 17. Bxf3 Nf8 18. b4 Rxe1+ 19. Rxe1 Rd8 20. Rd1 Ne6 21.
d5 cxd5 22. Rxd5 Rxd5 23. Bxd5 Nf4 24. Qe3 Kf8 25. Bxb7 Nxh3+ 26. Qxh3 Qxb7 27.
Qd3 Ke8 28. b5 Qd7 29. Qxd7+ Kxd7 30. c6+ Kd6 31. g4 g6 32. f4 h6 33. Kf2 a6 34.
a4 axb5 35. axb5 Kc7 36. Ke3 Kb6 37. Kd4 Kc7 38. Kd5 1-0

[Event "CHN League Men 2019"]
[Site "Daqing CHN"]
[Date "2019.06.20"]
[Round "2.9"]
[Board "2"]
[White "Wan, Minghan"]
[Black "Shen, Siyuan"]
[Result "0-1"]
[BlackTitle "IM"]
[WhiteElo "1592"]
[BlackElo "2334"]
[WhiteTeam "Ningbo"]
[BlackTeam "Hunan"]
[WhiteFideId "8618577"]
[BlackFideId "8602832"]
[EventDate "2019.06.19"]
[EventType "team"]

1. Nf3 c5 2. c4 Nf6 3. g3 b6 4. Bg2 Bb7 5. O-O g6 6. b3 Bg7 7. Bb2 O-O 8. d3 e6
9. Na3 d5 10. Nc2 Nc6 11. Qc1 Qe7 12. Ne5 Rac8 13. f4 Rfd8 14. Ne1 d4 15. N1f3
Nxe5 16. Nxe5 Bxg2 17. Kxg2 Nd7 18. Nxd7 Rxd7 19. Rf2 e5 20. fxe5 Bxe5 21. Qh6
Bg7 22. Qh3 Re8 23. Bc1 Rd6 24. Bd2 Re6 25. Re1 a6 26. Kg1 b5 27. Qf1 f5 28. Rg2
bxc4 29. bxc4 Rb8 30. Rb1 Reb6 31. Rxb6 Rxb6 32. Qf3 Qb7 33. Qxb7 Rxb7 34. a4
Rb2 35. Be1 Bh6 36. e4 Rxg2+ 37. Kxg2 fxe4 0-1